[Event "Copenhagen op"]
[Site "Copenhagen"]
[Date "1985.??.??"]
[Round "3"]
[White "Berg, Klaus"]
[Black "Karolyi, Tibor Jr"]
[Result "1/2-1/2"]
[WhiteElo "2340"]
[BlackElo "2445"]

1.Nf3 d5 2.g3 c5 3.c4 dxc4 4.Bg2 Nc6 5.Na3 Be6 6.O-O Nf6 7.Ng5 Bd7 8.Nxc4 b5
9.Ne3 a6 10.b3 e6 11.Bb2 Be7 12.Rc1 Rc8 13.Nf3 Qa5 14.a3 O-O 15.d4 cxd4 16.b4 Qb6
17.Nxd4 Rfd8 18.Nxc6 Bxc6 19.Qb3 Bxg2 20.Nxg2 Ne4 21.Rxc8 Rxc8 22.Qd3 Nd6
23.Bd4 Qb7 24.Bc5 Nc4 25.Bxe7 Qxe7 26.Ne3 h6 27.Nxc4  1/2-1/2

[Event "Copenhagen op"]
[Site "Copenhagen"]
[Date "1985.??.??"]
[Round "4"]
[White "Gibbons, Bart F"]
[Black "Nilsson, Nils Specht"]
[Result "1-0"]
[WhiteElo "2260"]
[BlackElo "2200"]

1.Nf3 d5 2.g3 Nf6 3.Bg2 c6 4.O-O h6 5.d3 Bf5 6.c4 dxc4 7.dxc4 Na6 8.Nd4 Be4
9.Nc3 Bxg2 10.Kxg2 Qd7 11.Nf3 Qf5 12.Bd2 e6 13.Qb1 Nc5 14.Qxf5 exf5 15.Rad1 Be7
16.Bf4 O-O 17.Nd4 Ne6 18.Nxf5 Nxf4+ 19.gxf4 Bb4 20.Rd3 Rfe8 21.e3 g6 22.Ng3 Bxc3
23.Rxc3 Rad8 24.Rc2 Rd3 25.Kf3 h5 26.h3 h4 27.Ne2 Ne4 28.Rfc1 f5 29.Nc3 Nxc3
30.Rxc3 Rd2 31.R1c2 Red8 32.Rxd2 Rxd2 33.Rb3 b6 34.Ra3 Rd7 35.Ke2 c5 36.Rd3 Rf7
37.Rd6 Kg7 38.Kd3 Re7 39.f3 Rf7 40.b3 Kh6 41.a3 Kg7 42.b4 Rb7 43.e4 a5 44.e5 axb4
45.axb4 cxb4 46.Kc2 Ra7 47.Rxb6 Ra3 48.Rxb4 Rxf3 49.c5 Rf2+ 50.Kb3 Rf3+ 51.Ka4 g5
52.fxg5 Re3 53.Rxh4 Rxe5 54.Rc4 f4 55.Kb4 Rf5 56.c6 f3 57.Rc1 Rf8 58.Rf1 Kg6
59.h4 Kh5 60.Kc5 Kxh4 61.g6 Kg3 62.g7 Rg8 63.c7 Kg2  1-0

[Event "Copenhagen op"]
[Site "Copenhagen"]
[Date "1985.??.??"]
[Round "7"]
[White "Gibbons, Bart F"]
[Black "Bator, Zbigniew"]
[Result "1/2-1/2"]
[WhiteElo "2260"]
[BlackElo "2315"]

1.Nf3 d5 2.g3 Nf6 3.Bg2 c6 4.O-O Bg4 5.d3 e6 6.Nbd2 Nbd7 7.b3 Be7 8.Bb2 O-O
9.c4 a5 10.a3 Qb6 11.Rc1 Rfc8 12.Rc2 Qd8 13.Qa1 Qf8 14.h3 Bh5 15.Rfc1 b5
16.cxb5 cxb5 17.Rxc8 Rxc8 18.Rxc8 Qxc8 19.Qc1 Qxc1+ 20.Bxc1  1/2-1/2

[Event "Copenhagen op"]
[Site "Copenhagen"]
[Date "1985.??.??"]
[Round "9"]
[White "Steczkowski, Kazimierz"]
[Black "Jacoby, Gisbert"]
[Result "1/2-1/2"]
[WhiteElo "2390"]
[BlackElo "2305"]

1.Nf3 d5 2.g3 Nf6 3.Bg2 Bf5 4.O-O e6 5.d3 h6 6.c4 Nbd7 7.cxd5 exd5 8.e4 dxe4
9.dxe4 Bxe4 10.Nc3 Bc6 11.Re1+ Be7 12.Nd4 Bxg2 13.Nf5 Bc6 14.Nxe7 Qxe7 15.Rxe7+ Kxe7
16.b4 a6 17.Bf4 Rac8 18.a4 g5 19.b5 axb5 20.axb5 Bxb5 21.Bxc7 Rxc7 22.Nxb5 Rc6
23.Nd4 Rc5 24.Qe1+ Kf8 25.g4 Kg7 26.Nf5+ Kh7 27.Qb1 Rb8 28.h3  1/2-1/2

[Event "Dortmund"]
[Site "Dortmund"]
[Date "1985.??.??"]
[Round "5"]
[White "Gutman, Lev"]
[Black "Boehm, Juergen"]
[Result "1/2-1/2"]
[WhiteElo "2485"]
[BlackElo "2265"]

1.Nf3 d5 2.g3 g6 3.c4 c6 4.Qa4 d4 5.Bg2 Bg7 6.O-O e5 7.e3 dxe3 8.dxe3 Nd7
9.Rd1 Nh6 10.e4 f6 11.c5 O-O 12.b4 Kh8 13.Na3 b5 14.Qb3 a5 15.Nc2 axb4 16.Nxb4 Qe7
17.Be3 Nxc5 18.Qc2 Na4 19.Qxc6 Bb7 20.Qxb5 Nc3 21.Rd7 Nxb5 22.Rxe7 Bxe4 23.Nh4 Bxg2
24.Kxg2 g5 25.Nf3 Nf5 26.Rd7 e4 27.Nd2 Nxe3+ 28.fxe3 f5 29.Rb1 Nc3 30.Rb3 Rfd8
31.Ra3 Rab8 32.Raa7 Rxd7 33.Rxd7 Rxb4 34.Rd8+ Bf8 35.Rxf8+ Kg7 36.Rxf5 Rb2
37.Rf2 Nd1  1/2-1/2

[Event "BCF-ch"]
[Site "Edinburgh"]
[Date "1985.??.??"]
[Round "8"]
[White "Johansen, Darryl K"]
[Black "Condie, Mark L"]
[Result "1/2-1/2"]
[WhiteElo "2410"]
[BlackElo "2405"]

1.Nf3 d5 2.g3 Nf6 3.Bg2 c6 4.O-O Bf5 5.d3 h6 6.b3 e6 7.Bb2 Bh7 8.Nbd2 Be7
9.e4 O-O 10.Qe2 a5 11.a4 Na6 12.Kh1 Nb4 13.Ne1 c5 14.f4 Qb6 15.g4 Rae8 16.f5 exf5
17.gxf5 Nd7 18.Qf2 Bf6 19.Bxf6 Qxf6 20.Rb1 Na2 21.exd5 Nc3 22.Rc1 Na2 23.Rb1 Nc3
24.Rc1 Na2  1/2-1/2

[Event "BCF-ch"]
[Site "Edinburgh"]
[Date "1985.??.??"]
[Round "9"]
[White "Cummings, David H"]
[Black "Bryson, Douglas M"]
[Result "1-0"]
[WhiteElo "2415"]
[BlackElo "2275"]

1.Nf3 d5 2.g3 Nf6 3.Bg2 e6 4.c4 Be7 5.d4 O-O 6.Qc2 a6 7.Ne5 dxc4 8.Qxc4 Nbd7
9.O-O c5 10.Nxd7 Nxd7 11.dxc5 Nxc5 12.Be3 Nd7 13.Nc3 Qa5 14.Rfd1 Nf6 15.Ne4 Nd5
16.Bc5 Qc7 17.Rac1 b6 18.Bxe7 Qxe7 19.Nc3 Nxc3 20.Rxc3 Bb7 21.Qc7 Qxc7 22.Rxc7 Bxg2
23.Kxg2 Rad8 24.Rxd8 Rxd8 25.Ra7 Kf8 26.Rxa6 b5 27.Rb6 Rd5 28.Rb7 g6 29.e4 Rc5
30.Kf3 g5 31.b4 Re5 32.Rc7 g4+ 33.Kf4 Rh5 34.Rc5 Rxh2 35.Ke3 Rh1 36.Rxb5 Re1+
37.Kf4 Re2 38.a4 Rxf2+ 39.Kxg4 Ra2 40.a5 Kg7 41.Rb6 Kg6 42.a6  1-0

[Event "Esbjerg"]
[Site "Esbjerg"]
[Date "1985.??.??"]
[Round "4"]
[White "Plaskett, Jim"]
[Black "Rodgaard, John"]
[Result "1-0"]
[WhiteElo "2480"]
[BlackElo "2365"]

1.Nf3 d5 2.g3 Nf6 3.Bg2 c6 4.O-O Bg4 5.b3 e6 6.Bb2 Bd6 7.d3 O-O 8.Nbd2 Nbd7
9.h3 Bxf3 10.Bxf3 Qe7 11.c4 e5 12.cxd5 cxd5 13.e4 d4 14.a4 b6 15.Bg2 Bb4
16.f4 Bc3 17.Ba3 Bb4 18.Bxb4 Qxb4 19.Nc4 Ne8 20.fxe5 Qe7 21.Qd2 Nxe5 22.Rac1 Rd8
23.Nxe5 Qxe5 24.Qf4 f6 25.b4 Rf7 26.h4 Re7 27.Rc6 Rc7 28.Qxe5 fxe5 29.Re6 Rc3
30.Rxe5 Rxd3 31.Re7 Rc3 32.e5 h5 33.Bh3 Rc7 34.Be6+ Kh7 35.Bf5+ Kg8 36.Be6+ Kh7
37.Bf5+ Kg8 38.Re6 d3 39.Bg6 d2 40.Bxh5 Rc1 41.Bd1 Rc3 42.Kg2 Nc7 43.Rd6 Rxd6
44.exd6 Ne6 45.Bg4 Nf8 46.Kf2 Rd3 47.Be2 Rxd6 48.Ke3 Ne6 49.Bd1 Nd4 50.Rf2 g6
51.g4 Nc6 52.b5 Ne5 53.Rf4 Kg7 54.Rd4 Rxd4 55.Kxd4 Kf6 56.Kc3 Nd7 57.Kxd2 g5
58.h5 Ke5 59.Bc2 Nc5 60.h6 Kf6 61.Ke3 Nd7 62.Kd4 Ne5 63.h7 Nf7 64.Bb3 Nh8
65.Kd5 Kg7  1-0

[Event "Frunze"]
[Site "Frunze"]
[Date "1985.??.??"]
[Round "13"]
[White "Sturua, Zurab"]
[Black "Kupreichik, Viktor D"]
[Result "1/2-1/2"]
[WhiteElo "2420"]
[BlackElo "2470"]

1.Nf3 d5 2.g3 Nf6 3.Bg2 g6 4.c4 Bg7 5.cxd5 Nxd5 6.O-O c5 7.Nc3 Nc7 8.d3 Nc6
9.Bd2 O-O 10.a3 Rb8 11.Qa4 Bd7 12.Qh4 e5 13.Qxd8 Rfxd8 14.Rab1 a5 15.Ne4 Ne6
16.Nfg5 Ned4 17.Nxc5 Nxe2+ 18.Kh1 Be8 19.Nge4 h6 20.Nc3 Nxc3 21.bxc3 b6 22.Na6 Rbc8
23.Be3 Rxd3 24.Rfc1 Ne7 25.Bxb6 Rdxc3 26.Nc7 Rxc1+ 27.Rxc1 a4 28.Bb7 Rb8
29.Nxe8 Rxb7 30.Bc5 Bf8 31.Nf6+ Kh8 32.Bd6 Rb6 33.Bxe7 Bxe7 34.Nd5 Rb7 35.Nxe7 Rxe7
36.Rc8+  1/2-1/2

[Event "Bundesliga 8485"]
[Site "Germany"]
[Date "1985.??.??"]
[Round "?"]
[White "Clemens, Christian"]
[Black "Schmidt, Bodo"]
[Result "0-1"]
[WhiteElo "2380"]
[BlackElo "2340"]

1.g3 d5 2.Nf3 Nf6 3.Bg2 c6 4.O-O Bf5 5.b3 h6 6.Bb2 e6 7.d3 Be7 8.Nbd2 O-O
9.c4 a5 10.a3 Nbd7 11.Qc2 Qb8 12.Bc3 e5 13.e4 Bh7 14.Nh4 d4 15.Bb2 Rd8 16.Bh3 Bd6
17.Nf5 Bxf5 18.Bxf5 b5 19.Kh1 Ra7 20.f4 Rb7 21.fxe5 Bxe5 22.c5 Nf8 23.Nf3 Ne6
24.b4 Ng5 25.Nxg5 hxg5 26.Qe2 g6 27.Bh3 Kg7 28.Bc1 Rh8 29.Kg2 Nh7 30.Bd2 a4
31.Qg4 f6 32.Rf2 Re7 33.Raf1 Qg8 34.Qd1 Nf8 35.Bxg5 Qh7 36.Bh4 g5 37.Bf5 Ng6
38.Kh1 Qh6 39.Rg1 Kf7 40.Qg4 gxh4 41.Bxg6+ Qxg6 42.gxh4 Qxg4 43.Rxg4 Ke6
44.Kg2 Rhh7 45.Kh3 Reg7 46.Rfg2 Rxg4 47.Rxg4 Kf7 48.Rg2 Bf4 49.Rf2 Be3 50.Rf1 Bg5  0-1

[Event "Bundesliga 8485"]
[Site "Germany"]
[Date "1985.??.??"]
[Round "?"]
[White "Franke, Reiner"]
[Black "Weidemann, Joerg"]
[Result "1/2-1/2"]
[WhiteElo "2290"]
[BlackElo "2265"]

1.Nf3 d5 2.g3 c6 3.b3 Bg4 4.Bg2 e6 5.Bb2 Nd7 6.d3 Ngf6 7.O-O a5 8.a3 Be7
9.Nbd2 O-O 10.h3 Bh5 11.e4 b5 12.Re1 Rc8 13.Qe2 Qc7 14.Rac1 dxe4 15.Nxe4 Nxe4
16.Qxe4 Bg6 17.Qe3 Rfd8 18.Red1 Bc5 19.d4 Be7 20.Nd2 Nf6 21.Qe2 Qd7 22.Nf3 Qe8
23.Ne5 c5 24.dxc5 Bxc5 25.Rxd8 Qxd8 26.Bb7 Rc7 27.Rd1 Qe8 28.Bg2 Be7 29.Rd2 Bc5
30.a4 bxa4 31.bxa4 Bb4 32.c3 Bc5 33.Qb5 Qxb5 34.axb5 Kf8 35.Nxg6+ hxg6 36.Rd8+ Ke7
37.Ra8 Nd7 38.Rxa5 Nb6 39.Ba3 Kf6 40.Bc6 Nc4 41.Bxc5 Nxa5 42.Bb6 Rxc6 43.bxc6 Nxc6
44.Bc7 e5 45.Kg2 Ke6 46.c4 Kd7 47.Bb6 f5 48.Kf3 Kd6 49.Ke3  1/2-1/2

[Event "Bundesliga 8485"]
[Site "Germany"]
[Date "1985.??.??"]
[Round "?"]
[White "Gutman, Lev"]
[Black "Eng, Holger"]
[Result "1-0"]
[WhiteElo "2455"]
[BlackElo "2345"]

1.Nf3 d5 2.g3 c5 3.Bg2 Nc6 4.d4 e6 5.O-O Bd7 6.c4 dxc4 7.Na3 cxd4 8.Nxc4 Bc5
9.Bf4 Qe7 10.a3 b5 11.Nce5 Rc8 12.Nxd7 Qxd7 13.Rc1 Bb6 14.Qd3 Nf6 15.Qxb5 O-O
16.Rfd1 Rfd8 17.Bg5 h6 18.Bxf6 gxf6 19.Qh5 Kg7 20.Qg4+ Kh7 21.Rc2 Na5 22.Rxc8 Qxc8
23.Ne1 f5 24.Qh5 Rd7 25.Nd3 Rc7 26.h3 Qg8 27.Qf3 Nc4 28.g4 fxg4 29.hxg4 Qg5
30.Qe4+ Kg7 31.Bh3 Nd6 32.Qf3 Ne8 33.Qg3 Rc2 34.f4 Qb5 35.Re1 Ba5 36.b4 Bd8
37.Bg2 Rc3 38.Ra1 Qa4 39.g5 hxg5 40.fxg5 Qb5 41.g6 fxg6 42.Qg4 Nc7 43.Rf1 Qg5
44.Qxd4+ Bf6 45.Qd7+ Kh6 46.Rf3 Rc4 47.Rh3+ Rh4 48.Rxh4+ Qxh4 49.Qxc7 Qd4+
50.Kf1 Qa1+ 51.Qc1+  1-0

[Event "Bundesliga 8485"]
[Site "Germany"]
[Date "1985.??.??"]
[Round "?"]
[White "Gutman, Lev"]
[Black "Wockenfuss, Klaus"]
[Result "0-1"]
[WhiteElo "2485"]
[BlackElo "2335"]

1.Nf3 d5 2.g3 g6 3.c4 c6 4.Bg2 Bg7 5.cxd5 cxd5 6.O-O Nc6 7.d4 Nf6 8.Nc3 O-O
9.Ne5 e6 10.Nxc6 bxc6 11.b3 Nd7 12.Ba3 c5 13.Rc1 Bxd4 14.Na4 Ba6 15.Qd2 Qf6
16.Rc2 Rfb8 17.h4 h5 18.Nxc5 Nxc5 19.Bxc5 Bxc5 20.Rxc5 Rc8 21.Rfc1 Rxc5 22.Rxc5 Rc8
23.Ra5 Rc6 24.e4 Qa1+ 25.Kh2 d4 26.e5 Rb6 27.Rc5 d3 28.Rc3 Rb8 29.Be4 Rd8
30.b4 Bb5 31.g4 hxg4 32.h5 Qf1 33.hxg6 Kg7 34.Kg3 Qh3+  0-1

[Event "Bundesliga 8485"]
[Site "Germany"]
[Date "1985.??.??"]
[Round "?"]
[White "Wockenfuss, Klaus"]
[Black "Eng, Holger"]
[Result "1-0"]
[WhiteElo "2375"]
[BlackElo "2345"]

1.Nf3 d5 2.g3 c5 3.Bg2 Nc6 4.d4 e6 5.O-O Bd7 6.c4 dxc4 7.dxc5 Bxc5 8.Nbd2 Na5
9.Ne4 Qb6 10.Nxc5 Qxc5 11.Be3 Qc7 12.Bf4 Qb6 13.Ne5 Nf6 14.Nxd7 Nxd7 15.Qa4 Nc6
16.Rad1 Rd8 17.Bg5 Rc8 18.Be3 Qc7 19.Qxc4 O-O 20.Rc1 Qa5 21.Rfd1 Nb6 22.Qb3 Rfd8
23.Bxc6 bxc6 24.Rxc6 Nd5 25.Bd2 Qxd2 26.Rxd2 Rxc6 27.e4 Rc1+ 28.Kg2 Nf4+
29.gxf4  1-0

[Event "Bundesliga 8485"]
[Site "Germany"]
[Date "1985.??.??"]
[Round "?"]
[White "Lobron, Eric"]
[Black "Roeder, Frank"]
[Result "1-0"]
[WhiteElo "2495"]
[BlackElo "2250"]

1.Nf3 d5 2.g3 c6 3.Bg2 Bg4 4.O-O Nd7 5.d3 e5 6.e4 dxe4 7.dxe4 Ngf6 8.Nbd2 h6
9.h3 Be6 10.Qe2 Qc7 11.a4 Bc5 12.b3 O-O 13.Bb2 Nh7 14.Nc4 Ng5 15.Nxg5 hxg5
16.Rfd1 f6 17.Rd2 Nb6 18.Ne3 Rad8 19.Rad1 Nc8 20.Bf1 Bb4 21.Rd3 Rxd3 22.Qxd3 Ba5
23.Bc3 Bb6 24.Nc4 Rd8 25.Qf3 Rxd1 26.Qxd1 Qd8 27.Qh5 Bc5 28.b4 Bf8 29.Ne3 Nd6
30.Bd3 Qd7 31.Kh2 Bf7 32.Qe2 Be6 33.Be1 b5 34.axb5 cxb5 35.c4 bxc4 36.Nxc4 Bxh3
37.Nxd6 Bxd6 38.Bb5 Qc8 39.Qa2+ Be6 40.Qxa7 Qc1 41.Qe3 Qxe3 42.fxe3 Kf7 43.Bc6 Ke7
44.Kg2 Kd8 45.b5 Bd7 46.Ba5+ Kc8 47.Bxd7+ Kxd7 48.Kf3 g6 49.g4 Kc8 50.Ke2 Be7
51.Kd3 Bc5 52.Bd2 Bb6 53.Kc4 Kc7 54.Kd5 Kd7 55.Bb4 Bxe3 56.Ba5 Bd4 57.b6 f5
58.b7 Ba7 59.exf5 gxf5 60.gxf5 g4 61.Bb6 Bb8 62.f6 g3 63.Bc5 g2 64.f7 g1=Q
65.Bxg1 Ke7 66.Bh2 Kxf7 67.Bxe5 Ba7 68.Kc6 Ke7 69.Kb5 Ke6 70.Ka6  1-0

[Event "Bundesliga 8485"]
[Site "Germany"]
[Date "1985.??.??"]
[Round "?"]
[White "Nikolac, Juraj"]
[Black "Budde, Vladimir"]
[Result "1/2-1/2"]
[WhiteElo "2450"]
[BlackElo "2360"]

1.g3 d5 2.Nf3 c5 3.Bg2 Nc6 4.O-O Nf6 5.d3 e6 6.Nbd2 Be7 7.e4 O-O 8.Re1 b5
9.c3 a5 10.a4 bxa4 11.Qxa4 Bd7 12.Qc2 Qb6 13.Nf1 a4 14.Bf4 Na5 15.Ne5 Be8
16.exd5 Nxd5 17.Nc4 Qd8 18.Nxa5 Rxa5 19.Bd2 Ra6 20.Ne3 Nb6 21.Ng4 f6 22.f4 Bg6
23.Nf2 c4 24.Be4 cxd3 25.Nxd3 Nc4 26.Bc1 Qb6+ 27.Qf2 Qb5 28.Qe2 Bxe4 29.Qxe4 Rd8
30.Kh1 Qb3 31.f5 e5 32.Nf2 Kh8 33.Kg2 Nxb2 34.Bxb2 Qxb2 35.Rxa4 Rxa4 36.Qxa4 Qxc3
37.Re2 Bc5 38.Ne4 Qc1 39.Nxc5 Qxc5 40.Qe4 Qc1 41.Qb7 h6 42.Qf3 Qc4 43.Qe4 Rd4
44.Qf3 e4 45.Qe3 Qd5 46.g4 Kh7 47.h3 Qe5 48.Qg3 Qb5 49.Qe3 Qd5 50.Kh2 Rc4
51.Kg2 Qc6 52.Kf2 Rc2 53.Rxc2 Qxc2+ 54.Kg3 Qc7+ 55.Kg2 Qe5 56.Kg1 h5 57.Kg2 Qd5
58.Kf2 Qd3 59.Qf4 Qxh3 60.gxh5 Qd3 61.Qg4 e3+ 62.Kg1 Qb1+ 63.Kg2 Qc2+ 64.Kh3 Qc6
65.Qg6+ Kg8 66.Kg3 Qc7+ 67.Kf3  1/2-1/2

[Event "Bundesliga 8485"]
[Site "Germany"]
[Date "1985.??.??"]
[Round "?"]
[White "Podzielny, Karl Heinz"]
[Black "Behling, Robert"]
[Result "1-0"]
[WhiteElo "2415"]
[BlackElo "2300"]

1.Nf3 d5 2.g3 c6 3.Bg2 Bg4 4.c4 e6 5.O-O Nd7 6.b3 Be7 7.Bb2 Bf6 8.d4 Bxf3
9.Bxf3 Ne7 10.Nd2 Nf5 11.e3 O-O 12.Qc2 b5 13.Rfc1 bxc4 14.bxc4 Rb8 15.Bc3 Nb6
16.Ba5 Qd7 17.Rab1 Rfc8 18.Bxb6 axb6 19.cxd5 exd5 20.Bg4 g6 21.Qd3 Rc7 22.Rc2 Bg7
23.Nf3 Bf6 24.h4 h5 25.Bh3 Qe6 26.Rbc1 Ra8 27.Ne1 Be7 28.Bxf5 gxf5 29.Ng2 Ra3
30.Qe2 c5 31.dxc5 bxc5 32.Qxh5 Rca7 33.Nf4 Qe4 34.Rb2 Ra8 35.Rcb1 Bd6 36.Qg5+ Kf8
37.Qh6+  1-0

[Event "Bundesliga 8485"]
[Site "Germany"]
[Date "1985.??.??"]
[Round "?"]
[White "Podzielny, Karl Heinz"]
[Black "Herbrechtsmeier, Christof"]
[Result "1-0"]
[WhiteElo "2415"]
[BlackElo "2325"]

1.Nf3 d5 2.g3 c5 3.Bg2 Nc6 4.c4 Nf6 5.O-O e6 6.d4 Be7 7.cxd5 exd5 8.Nc3 O-O
9.Bg5 cxd4 10.Nxd4 Re8 11.Rc1 h6 12.Be3 Ne5 13.Qb3 Nc4 14.Nxd5 Nxd5 15.Rxc4 Nxe3
16.Qxe3 Bf6 17.Qd3 Be6 18.Nxe6 Rxe6 19.Bd5 Re7 20.Rd1 Qb6 21.b3 Rae8 22.e4 Be5
23.Kg2 a6 24.Rdc1 Kh7 25.h4 g6 26.f4 Bb8 27.Rc8 Rxc8 28.Rxc8 Ba7 29.e5 Qg1+
30.Kh3 Rd7 31.h5 Bf2 32.hxg6+ fxg6 33.Bg8+  1-0

[Event "Bundesliga 8485"]
[Site "Germany"]
[Date "1985.??.??"]
[Round "?"]
[White "Tischer, Guenter"]
[Black "Raupp, Thomas"]
[Result "1/2-1/2"]
[WhiteElo "2335"]
[BlackElo "2275"]

1.Nf3 d5 2.g3 e6 3.Bg2 c5 4.O-O Nc6 5.c4 Nf6 6.d4 dxc4 7.Qa4 Bd7 8.Qxc4 b5
9.Qd3 Rc8 10.dxc5 Bxc5 11.Nc3 O-O 12.Bg5 Nb4 13.Qd1 Bc6 14.a3 Nbd5 15.Ne4 Be7
16.Nxf6+ Bxf6 17.Bxf6 Nxf6 18.Rc1 Qb6 19.Qd4 Qb7 20.Rfd1 h6  1/2-1/2

[Event "Nordic-ch"]
[Site "Gjovik"]
[Date "1985.??.??"]
[Round "?"]
[White "Hjartarson, Johann"]
[Black "Westerinen, Heikki MJ"]
[Result "1-0"]
[WhiteElo "2505"]
[BlackElo "2390"]

1.Nf3 d5 2.g3 Nf6 3.Bg2 e6 4.O-O Be7 5.d4 O-O 6.c4 c5 7.cxd5 exd5 8.Nc3 Nc6
9.Be3 c4 10.Ne5 h6 11.b3 Qa5 12.Na4 cxb3 13.Qxb3 Nxe5 14.dxe5 Ne4 15.Rfd1 Rd8
16.Nb6 axb6 17.Bxb6 Qa4 18.Bxd8 Bxd8 19.Qxd5 Bf5 20.Rd4 Qa7 21.Bxe4 Bb6 22.Rd3 Bxf2+
23.Kg2 Bxe4+ 24.Qxe4 Re8 25.Rf1 Bc5 26.Rd7 Qxa2 27.Rfxf7 Bf8 28.Qf5 b5 29.e6  1-0

[Event "Nordic-ch"]
[Site "Gjovik"]
[Date "1985.??.??"]
[Round "?"]
[White "Ost Hansen, Jacob"]
[Black "Hansen, Curt"]
[Result "1/2-1/2"]
[WhiteElo "2420"]
[BlackElo "2500"]

1.g3 d5 2.Nf3 Nf6 3.Bg2 Bf5 4.O-O e6 5.d3 h6 6.c4 c6 7.Be3 Nbd7 8.Qb3 Qc8
9.Nc3 dxc4 10.Qxc4 Be7 11.b4 O-O 12.Rfc1 a6 13.Qb3 Nd5 14.Nxd5 exd5 15.a4 Nf6
16.Bc5 Re8 17.Ra2 Bh3 18.Qc3 Bxg2 19.Kxg2 Qd7 20.Rb2 Bxc5 21.Qxc5 Nh7 22.Qd4 Re6
23.b5 axb5 24.axb5 Rae8 25.Qg4 Nf6 26.Qf5 Rxe2  1/2-1/2

[Event "Hastings8586"]
[Site "Hastings"]
[Date "1985.??.??"]
[Round "4"]
[White "Rukavina, Josip"]
[Black "Plaskett, Jim"]
[Result "1/2-1/2"]
[WhiteElo "2470"]
[BlackElo "2495"]

1.g3 d5 2.Nf3 Nf6 3.Bg2 c6 4.O-O Bg4 5.d4 e6 6.Nbd2 Be7 7.c4 O-O 8.b3 Nbd7
9.Bb2 a5 10.a3 Rc8 11.c5 b6 12.b4 Qc7 13.Re1 Ra8 14.Qc1 Rfb8 15.Bc3 h6 16.cxb6 Nxb6
17.bxa5 Na4 18.Bb4 Bxf3 19.Bxe7 Qxe7 20.Nxf3 Qd6  1/2-1/2

[Event "Hastings8586"]
[Site "Hastings"]
[Date "1985.??.??"]
[Round "10"]
[White "Rukavina, Josip"]
[Black "Hjartarson, Johann"]
[Result "1-0"]
[WhiteElo "2470"]
[BlackElo "2530"]

1.g3 d5 2.Nf3 Nf6 3.Bg2 c6 4.O-O Bg4 5.b3 Nbd7 6.Bb2 e6 7.d3 Bc5 8.Nbd2 O-O
9.e4 dxe4 10.dxe4 e5 11.Qe2 Qe7 12.Nc4 Rfe8 13.Rad1 a5 14.a4 b5 15.axb5 cxb5
16.Ncd2 Reb8 17.h3 Bxf3 18.Qxf3 a4 19.Rb1 a3 20.Ba1 Ra6 21.Rbd1 Rd6 22.Qe2 Ne8
23.Nf3 b4 24.h4 Rbb6 25.Bh3 Nef6 26.Nd2 h5 27.Nc4 Rxd1 28.Rxd1 Rb7 29.Kg2 Bd4
30.Bxd4 exd4 31.e5 Ra7 32.e6 fxe6 33.Ne5 Nf8 34.Nc6 Qb7 35.Bxe6+ Kh8 36.Bd5 Qa6
37.Qf3 Rd7 38.Nb8 Qa5 39.Nxd7 N8xd7 40.Be6 Ne5 41.Qb7 Qc5 42.Bf5 g6 43.Be4 Qd6
44.Re1 Nfg4 45.Qa7 Nf6 46.Rd1 Nxe4 47.Qa8+ Kg7 48.Qxe4 Nc6 49.Re1 d3 50.cxd3 Nd4
51.Rc1 Nxb3 52.Qb7+ Kh6 53.Rc8 Qe5 54.Qa8 Kh7 55.Qa7+ Kh6 56.Qa8 Kh7 57.Re8 Qg7
58.Rb8  1-0

[Event "Havana-B"]
[Site "Havana"]
[Date "1985.??.??"]
[Round "7"]
[White "Pigusov, Evgeny"]
[Black "Garcia Palermo, Carlos"]
[Result "1-0"]
[WhiteElo "2455"]
[BlackElo "2520"]

1.Nf3 d5 2.g3 Nc6 3.d4 Bf5 4.Bg2 Nb4 5.Na3 c6 6.O-O e6 7.c3 Na6 8.Nc2 Be4
9.b3 Nf6 10.Bh3 Bd6 11.Nce1 c5 12.Ne5 cxd4 13.cxd4 Qb6 14.Bb2 Nb4 15.N1d3 Rc8
16.Nc5 Bxc5 17.dxc5 Qxc5 18.Rc1 Bc2 19.Qd2 Nxa2 20.b4 Ne4 21.bxc5 Nxd2 22.Rxc2 Nxf1
23.Nd3 Nxg3 24.hxg3 a5 25.Bxg7 Rg8 26.Bd4 Nb4 27.Nxb4 axb4 28.Rb2 Ke7 29.Rxb4 Rc7
30.Be5 Rd7 31.Bd6+ Ke8 32.e4 dxe4 33.Bf1 Rxd6 34.cxd6 Kd7 35.Rxb7+ Kxd6 36.Rxf7 h5
37.Rh7 Rg5 38.Kg2 e5 39.Be2  1-0

[Event "Jarvenpaa"]
[Site "Jarvenpaa"]
[Date "1985.??.??"]
[Round "?"]
[White "Csom, Istvan"]
[Black "Chernin, Alexander"]
[Result "1/2-1/2"]
[WhiteElo "2465"]
[BlackElo "2560"]

1.Nf3 d5 2.g3 c6 3.Bg2 Bg4 4.d4 e6 5.O-O Nd7 6.Nbd2 Ngf6 7.b3 Bd6 8.Bb2 O-O
9.c4 Qb8 10.Re1 b5 11.c5 Bc7 12.b4 a5 13.a3 h6 14.Qb3 Bf5 15.Bc3 Ne4 16.Nxe4 Bxe4
17.Bh3 Bh7 18.Nd2 Nf6 19.Bg2 Re8  1/2-1/2

[Event "Jurmala"]
[Site "Jurmala"]
[Date "1985.??.??"]
[Round "6"]
[White "Yap, Andronico"]
[Black "Bagirov, Vladimir"]
[Result "1-0"]
[WhiteElo "2400"]
[BlackElo "2485"]

1.Nf3 d5 2.g3 Bg4 3.Bg2 Nd7 4.c4 c6 5.O-O e6 6.d3 Bd6 7.cxd5 cxd5 8.Nc3 Ne7
9.Qa4 Bh5 10.Nb5 Bb8 11.Bg5 h6 12.Bd2 Nc6 13.Rfc1 O-O 14.Nbd4 Nb6 15.Nxc6 Nxa4
16.Nxd8 Rxd8 17.b3 Nb6 18.a4 Bd6 19.Nd4 Be5 20.e3 Rac8 21.f4 Bf6 22.a5 Nd7
23.b4 a6 24.Rab1 g5 25.b5 Nc5 26.Rc3 Na4 27.Ra3 Nc5 28.Rc3 Na4 29.Ra3 Nc5
30.Rc1 axb5 31.Rac3 Be7 32.Nxb5 Be2 33.Bf1 Bxf1 34.Kxf1 Rc6 35.Nd4 Rcc8 36.Ke2 Kg7
37.Nb5 Rc6 38.Nd4 Rcc8 39.R1c2  1-0

[Event "Kavala zt"]
[Site "Kavala"]
[Date "1985.??.??"]
[Round "?"]
[White "Kurajica, Bojan"]
[Black "Marjanovic, Slavoljub"]
[Result "0-1"]
[WhiteElo "2535"]
[BlackElo "2505"]

1.Nf3 d5 2.g3 Nf6 3.Bg2 Bf5 4.d3 e6 5.c4 Nc6 6.Nh4 Bg4 7.h3 Bh5 8.g4 Bg6
9.g5 Ng8 10.cxd5 exd5 11.Qb3 Bb4+ 12.Kf1 Nge7 13.Nc3 Bh5 14.Nxd5 Bxe2+ 15.Kg1 Bd1
16.Qc4 Bd6 17.Bf4 Bh5 18.Nxe7 Nxe7 19.Bxb7 Rb8 20.Bxd6 cxd6 21.Bf3 Bxf3 22.Nxf3 O-O
23.b3 Ng6 24.Re1 Qa5 25.Qd4 Rb4 26.Qxd6 Rf4 27.Re3 Qf5 28.Nd4 Qxg5+ 29.Rg3 Qa5
30.b4 Qxa2 31.Nf3 Qe2 32.Qd5 Nh4  0-1

[Event "Kecskemet op"]
[Site "Kecskemet "]
[Date "1985.??.??"]
[Round "10"]
[White "Vogel, Jaap"]
[Black "Rigo, Janos"]
[Result "1-0"]
[WhiteElo "2290"]
[BlackElo "2375"]

1.Nf3 d5 2.g3 c5 3.Bg2 Nc6 4.d4 Nf6 5.O-O e6 6.c4 dxc4 7.Qa4 cxd4 8.Nxd4 Qxd4
9.Bxc6+ Bd7 10.Be3 Qd6 11.Bxd7+ Qxd7 12.Qxc4 Nd5 13.Bd4 Rc8 14.Qb3 a5 15.Rd1 a4
16.Qf3 Qc6 17.e4 Nb4 18.Na3 Qa6 19.b3 Rd8 20.Rac1 e5 21.Bb2 Bd6 22.Nc4 O-O
23.a3 Na2 24.Ra1 Bc7 25.Rxd8 Rxd8 26.Rxa2 Qe6 27.Ra1 b5 28.Ne3 Qxb3 29.Qe2 Bb6
30.Nd5 Bd4 31.Bxd4 exd4 32.Rd1 Re8 33.Rxd4 f5 34.Qd3 Qb2 35.Ne3 fxe4 36.Rxe4 Rf8
37.Qd5+ Kh8 38.Rf4 Rc8 39.Kg2 h6 40.Rb4 Qxa3 41.Qxb5 Ra8 42.Qc4  1-0

[Event "URS-ch sf"]
[Site "Kostroma"]
[Date "1985.??.??"]
[Round "2"]
[White "Khasin, Alexander"]
[Black "Aseev, Konstantin N"]
[Result "1/2-1/2"]
[WhiteElo "2420"]
[BlackElo "2455"]

1.g3 d5 2.Nf3 Nf6 3.Bg2 c6 4.c4 dxc4 5.Na3 b5 6.Ne5 Nd5 7.d3 Qa5+ 8.Qd2 c3
9.bxc3 e6 10.Nb1 Qc7 11.Nf3 Nb6 12.O-O Be7 13.Qc2 N8d7 14.Nbd2 Bb7 15.c4 Rc8
16.Rb1 b4 17.Nb3 c5 18.a3 bxa3 19.Ra1 Rb8 20.Rxa3 Nc8 21.Be3 O-O 22.Rfa1 f5
23.Nfd2 Bd6 24.Bxb7  1/2-1/2

[Event "URS-ch sf"]
[Site "Kostroma"]
[Date "1985.??.??"]
[Round "9"]
[White "Khasin, Alexander"]
[Black "Malevinsky, Alexander A"]
[Result "1/2-1/2"]
[WhiteElo "2420"]
[BlackElo "2395"]

1.Nf3 d5 2.g3 Nf6 3.Bg2 e6 4.O-O Be7 5.c4 O-O 6.d4 c5 7.cxd5 exd5 8.Nc3 Nc6
9.dxc5 Bxc5 10.Bg5 d4 11.Ne4 Be7 12.Bxf6 Bxf6 13.Rc1 Re8 14.Ne1 Be7 15.Nd3 Bf8
16.Qd2 a5 17.a3 a4 18.Nec5 Qb6 19.Qc2 Bf5 20.Nxb7 Ne5 21.Nbc5 Ra5 22.Nxa4 Qb5
23.b3 Nxd3 24.exd3 Bxd3 25.Bc6 Bxc2 26.Bxb5 Rxb5 27.Rxc2 Rxb3 28.Rd1 d3 29.Rcd2 Rxa3
30.Nb2 g6 31.Rxd3 Ra2 32.Nc4 Ree2 33.R1d2 Bc5 34.Rxe2 Rxe2 35.Ne3 Bxe3 36.fxe3 g5
37.h4 gxh4 38.gxh4 Kg7 39.Kf1 Rh2 40.Rd4  1/2-1/2

[Event "Portoroz/Ljubljana"]
[Site "Ljubljana"]
[Date "1985.??.??"]
[Round "7"]
[White "Karlsson, Lars"]
[Black "Barle, Janez"]
[Result "1/2-1/2"]
[WhiteElo "2550"]
[BlackElo "2430"]

1.Nf3 d5 2.g3 Nf6 3.Bg2 c6 4.O-O Bf5 5.d3 e6 6.c4 Nbd7 7.Nc3 Bc5 8.cxd5 cxd5
9.Bf4 O-O 10.Na4 Be7 11.Qb3 Qa5 12.Rfc1 Bg4 13.Bd2 Qa6 14.Nd4 Rac8 15.h3 Bh5
16.g4 Bg6 17.Bb4 Bxb4 18.Qxb4 h6 19.Nb5 b6 20.b3 Nb8 21.Nd6 Rc6 22.Rxc6 Nxc6
23.Qc3 b5 24.Nc5 Qb6 25.Rc1 b4 26.Qb2 Na5 27.e4 Qxd6 28.e5 Qe7 29.exf6 Qxf6
30.Qxf6 gxf6 31.Nd7 Rd8 32.Rc7 Bxd3 33.Nxf6+ Kf8 34.f4 a6 35.Nd7+ Ke8 36.Ne5 Bg6
37.f5 exf5 38.gxf5 Bxf5 39.Rxf7 Be4 40.Rf6 Ke7 41.Rxa6 Rg8 42.Ng4 h5 43.Bxe4 dxe4
44.Rxa5 hxg4 45.hxg4 Rxg4+ 46.Kf2 Kd6 47.Ke3 Kc6 48.Re5 Rg2 49.Rxe4 Rxa2
50.Rxb4  1/2-1/2

[Event "URS-ch U26"]
[Site "Lvov"]
[Date "1985.??.??"]
[Round "?"]
[White "Ehlvest, Jaan"]
[Black "Korzubov, Peter"]
[Result "1/2-1/2"]
[WhiteElo "2505"]
[BlackElo "2460"]

1.Nf3 d5 2.g3 c5 3.Bg2 Nc6 4.O-O Nf6 5.d4 e6 6.c4 dxc4 7.Ne5 Bd7 8.Nxc4 cxd4
9.Bf4 Nd5 10.Nd6+ Bxd6 11.Bxd6 Nde7 12.Nd2 O-O 13.Qb3 Bc8 14.Nc4 Re8 15.Bc5 Na5
16.Nxa5 Qxa5 17.Bxd4 Nc6 18.Bc3 Qa6 19.Qc2 e5 20.Be4 h6 21.Bd3 Qb6 22.Qa4 Be6
23.e3 Bd7 24.Qc4 Rad8 25.Rfd1 Qc7 26.Bc2 Be6 27.Qe4 f5 28.Qa4 Rxd1+ 29.Rxd1 Rd8
30.Rxd8+ Qxd8 31.Qb5 Qc7 32.Qc5 e4 33.f3 exf3 34.Bxf5 Qf7 35.Bxe6 Qxe6 36.Kf2 Qxa2
37.Kxf3 Qb3 38.Qd6 Qc4 39.Qd7  1/2-1/2